[Event "TechM GCL 2025"]
[Site "Mumbai IND"]
[Date "2025.12.19"]
[Round "6.3"]
[White "Mamedyarov, Shakhriyar"]
[Black "Sindarov, Javokhir"]
[Result "1-0"]
[WhiteTitle "GM"]
[BlackTitle "GM"]
[WhiteElo "2730"]
[BlackElo "2726"]
[WhiteTeam "Upgrad Mumba Masters"]
[BlackTeam "Ganges Grandmasters"]
[WhiteFideId "13401319"]
[BlackFideId "14205483"]
[EventDate "2025.12.14"]
[EventType "team"]

1. Nf3 d5 2. b3 Nf6 3. Bb2 e6 4. c4 Be7 5. g3 O-O 6. Bg2 c5 7. cxd5 exd5 8. O-O
Nc6 9. d4 Ne4 10. Nc3 Bf6 11. Na4 cxd4 12. Nxd4 Bxd4 13. Bxd4 Re8 14. Rc1 h5 15.
Bb2 h4 16. Nc5 Qg5 17. gxh4 Qxh4 18. Qxd5 Nxc5 19. Qxc5 Rxe2 20. Rce1 Rxe1 21.
Rxe1 Be6 22. Qc3 Qg5 23. h4 Qh6 24. Qg3 Rd8 25. Bc1 Qh5 26. Bb2 Qg4 27. Qxg4
Bxg4 28. Bc3 Be6 29. Re3 Rd1+ 30. Kh2 Kf8 31. h5 Rc1 32. Be4 Bg4 33. Bb2 Rd1 34.
h6 gxh6 35. Ba3+ Kg7 36. Rg3 h5 37. f3 Rd2+ 38. Kh1 Rxa2 39. Bc5 Re2 40. Bxc6
bxc6 41. fxg4 hxg4 42. Rxg4+ Kf6 43. Bxa7 Rc2 44. Rc4 Rxc4 45. bxc4 Ke5 46. c5
Kd4 47. Kg2 Ke3 48. Kg3 f5 49. Bb8 Kd4 50. Bd6 Ke3 51. Be5 Ke4 52. Bg7 Ke3 53.
Kg2 f4 54. Kf1 Kf3 55. Bd4 Ke4 56. Bg1 Kd3 57. Kf2 Ke4 58. Ke2 1-0

[Event "TechM GCL 2025"]
[Site "Mumbai IND"]
[Date "2025.12.19"]
[Round "6.3"]
[White "Koneru, Humpy"]
[Black "Shuvalova, Polina"]
[Result "1-0"]
[WhiteTitle "GM"]
[BlackTitle "IM"]
[WhiteElo "2535"]
[BlackElo "2502"]
[WhiteTeam "Upgrad Mumba Masters"]
[BlackTeam "Ganges Grandmasters"]
[WhiteFideId "5008123"]
[BlackFideId "24171760"]
[EventDate "2025.12.14"]
[EventType "team"]

1. Nf3 d5 2. b3 Nf6 3. Bb2 e6 4. g3 c5 5. Bg2 Be7 6. O-O O-O 7. e3 b6 8. c4 Bb7
9. Nc3 Qc8 10. Qe2 Rd8 11. Rfd1 Nc6 12. cxd5 Ba6 13. Nb5 Nxd5 14. d4 Nc7 15. a4
Bb7 16. dxc5 bxc5 17. Rxd8+ Nxd8 18. Rd1 Nxb5 19. axb5 Bd5 20. Ne5 Bxg2 21. Kxg2
Qb7+ 22. Qf3 Qxf3+ 23. Kxf3 Rb8 24. Nc6 Nxc6 25. bxc6 Rc8 26. Rd7 Kf8 27. Rxa7
f6 28. c7 Bd6 29. Ba3 Ke7 30. Ke4 Kd7 31. Kd3 Rxc7 32. Ra5 Kc6 33. Ra6+ Kd7 34.
Kc4 f5 35. h4 Be7 36. Ra5 Rb7 37. Bxc5 Bxc5 38. Rxc5 Ra7 39. Kd3 Ra3 40. Rc3 Ra2
41. Rc2 Ra1 42. b4 Rb1 43. Kc4 Kc6 44. h5 e5 45. Rd2 Rc1+ 46. Kb3 Rf1 47. Rc2+
Kb6 48. Kc4 Kc6 49. b5+ Kb6 50. Kd5 e4 51. Ke5 g6 52. hxg6 hxg6 53. Kf6 Rd1 54.
Kxg6 Rd5 55. Rb2 Rc5 56. Kg5 Rd5 57. Kf4 Rc5 58. g4 fxg4 59. Kxg4 Re5 60. Kf4
Re8 61. Kf5 Re7 62. Kf6 Re8 63. Kf7 Re5 64. Kg6 Re8 65. Kf5 Re7 66. Kg4 Rf7 67.
Kg3 Rg7+ 68. Kf4 Re7 69. Rb4 Rf7+ 70. Kg3 Re7 71. Kf4 Rf7+ 72. Kxe4 Rxf2 73. Kd5
Rd2+ 74. Ke5 Rh2 75. e4 Rh5+ 76. Kd6 Rh6+ 77. Kd5 Rh4 78. Rb1 Kc7 79. b6+ Kb7
80. e5 Rh2 81. e6 Rd2+ 82. Ke5 Re2+ 83. Kd6 Rd2+ 84. Ke7 Re2 85. Kd7 Rd2+ 86.
Ke8 Kc8 87. b7+ Kb8 88. e7 Rf2 89. Rd1 Kxb7 90. Kd8 1-0

[Event "TechM GCL 2025"]
[Site "Mumbai IND"]
[Date "2025.12.19"]
[Round "6.3"]
[White "Dronavalli, Harika"]
[Black "Tsolakidou, Stavroula"]
[Result "0-1"]
[WhiteTitle "GM"]
[BlackTitle "IM"]
[WhiteElo "2466"]
[BlackElo "2479"]
[WhiteTeam "Upgrad Mumba Masters"]
[BlackTeam "Ganges Grandmasters"]
[WhiteFideId "5015197"]
[BlackFideId "4264312"]
[EventDate "2025.12.14"]
[EventType "team"]

1. g3 c5 2. Bg2 g6 3. e4 Bg7 4. Ne2 Nc6 5. c3 e5 6. f4 exf4 7. Nxf4 Nf6 8. O-O
O-O 9. d3 d6 10. Na3 Rb8 11. Nc2 Re8 12. a4 Bg4 13. Qd2 c4 14. Ne3 cxd3 15. Qxd3
Ne5 16. Qc2 Bd7 17. h3 Bc6 18. Ned5 Bxd5 19. Nxd5 Nxd5 20. exd5 Qb6+ 21. Kh2 Nc4
22. Ra2 Rbc8 23. Qf2 Qxf2 24. Rxf2 Re1 25. Bf4 Be5 26. b3 Na5 27. b4 Nc4 28.
Rae2 Ra1 29. Bxe5 Nxe5 30. Rf6 Rd8 31. a5 Kg7 32. Rf4 Rc1 33. Re3 Rc8 34. b5
R8xc3 35. Re2 Rb3 36. a6 Rxb5 37. Ra2 Rb6 38. axb7 Rxb7 39. Rfa4 Rcc7 40. Ra6
Rd7 41. g4 Nd3 42. R6a4 Nc5 43. Ra5 Kf6 44. R5a3 Ke7 45. Re3+ Kd8 46. Rea3 Kc8
47. Re3 Re7 48. Rf3 Kb8 49. Rf6 Rb6 50. Raf2 a5 51. Ra2 a4 52. Bf1 Kc7 53. Rf4
h6 54. Kg2 Rb1 55. Rff2 Rbe1 56. Bb5 R1e4 57. Bc6 Rb4 58. Kh2 h5 59. gxh5 gxh5
60. Kg2 h4 61. Kh2 Kb6 62. Ra3 Rb3 63. Raa2 Rb4 64. Ra3 Rd4 65. Rb2+ Kc7 66.
Raa2 f5 67. Rb5 Rde4 68. Rbb2 f4 69. Rf2 f3 70. Rxf3 Re2+ 71. Rf2 Rxf2+ 72. Rxf2
Kb6 73. Rb2+ Ka5 74. Rb5+ Ka6 75. Rb4 a3 76. Rb8 Ka5 77. Ra8+ Kb4 78. Kg2 Re2+
79. Kf3 Rb2 80. Kg4 a2 81. Kxh4 Kb3 82. Kg4 Rb1 83. h4 a1=Q 84. Rxa1 Rxa1 85. h5
Rh1 86. Kg5 Ne4+ 87. Kg6 Kc4 88. h6 Kd4 89. h7 Ng5 90. Kxg5 Rxh7 91. Kf6 Kc5 92.
Ke6 Rh5 93. Bb7 Re5+ 94. Kf6 Rxd5 95. Ke6 Re5+ 96. Kf6 Re1 97. Kf5 d5 98. Kf4 d4
99. Kf3 Re3+ 100. Kf2 Kb4 101. Ba6 Kc3 102. Bb5 Re7 103. Ba6 d3 0-1

[Event "TechM GCL 2025"]
[Site "Mumbai IND"]
[Date "2025.12.19"]
[Round "6.3"]
[White "Daneshvar, Bardiya"]
[Black "Sadhwani, Raunak"]
[Result "1/2-1/2"]
[WhiteTitle "GM"]
[BlackTitle "GM"]
[WhiteElo "2600"]
[BlackElo "2638"]
[WhiteTeam "Upgrad Mumba Masters"]
[BlackTeam "Ganges Grandmasters"]
[WhiteFideId "12576468"]
[BlackFideId "35093487"]
[EventDate "2025.12.14"]
[EventType "team"]

1. e4 c5 2. Nf3 Nc6 3. Bb5 e6 4. O-O Nge7 5. Re1 a6 6. Bf1 b6 7. c3 d5 8. exd5
Nxd5 9. d4 cxd4 10. Nxd4 Bb7 11. Nxc6 Bxc6 12. Nd2 Be7 13. Qg4 Nf6 14. Qh3 O-O
15. Nc4 Qc7 16. Qg3 Qxg3 17. hxg3 b5 18. Ne5 Bb7 19. Be3 Nd5 20. Bd4 Rfd8 21. a4
f6 22. Nd3 e5 23. Bc5 Bc6 24. Nb4 Nxb4 25. Bxe7 Nc2 26. Bxd8 Nxa1 27. Be7 Nb3
28. axb5 Bxb5 29. Rd1 Kf7 30. Bb4 Bxf1 31. Kxf1 a5 32. Ba3 a4 33. Rd7+ Kg6 34.
g4 Na1 35. Ke2 Nc2 36. Be7 a3 37. bxa3 Nxa3 38. Kd3 Nb5 39. Kc4 Na3+ 40. Kb3 Nb5
41. Kb4 Rb8 42. Kc4 h5 43. gxh5+ Kxh5 44. f3 Kh4 45. Bc5 g6 46. Rf7 f5 47. Rg7
Kg5 48. Rd7 Kf4 49. Rg7 g5 50. Rf7 g4 51. fxg4 Kxg4 52. Re7 Kf4 53. g3+ Ke4 54.
Rf7 f4 55. gxf4 exf4 56. Re7+ Kf5 57. Rf7+ Ke4 58. Re7+ Kf5 59. Rf7+ Ke4 60.
Re7+ 1/2-1/2

[Event "TechM GCL 2025"]
[Site "Mumbai IND"]
[Date "2025.12.14"]
[Round "7.1"]
[White "Firouzja, Alireza"]
[Black "Gukesh, D"]
[Result "0-1"]
[WhiteTitle "GM"]
[BlackTitle "GM"]
[WhiteElo "2762"]
[BlackElo "2754"]
[WhiteTeam "Triveni Continental Kings"]
[BlackTeam "PBG Alaskan Knights"]
[WhiteFideId "12573981"]
[BlackFideId "46616543"]
[EventDate "2025.12.14"]
[EventType "team"]

1. d4 Nf6 2. Nc3 d5 3. Bf4 c5 4. e3 Bg4 5. f3 Bd7 6. dxc5 Nc6 7. Nxd5 e5 8. Bg5
Qa5+ 9. Nc3 Be6 10. a3 Nd5 11. Qd2 Nxc3 12. Qxc3 Qxc3+ 13. bxc3 Bxc5 14. e4 f6
15. Bh4 O-O-O 16. Bd3 Na5 17. Bf2 Bxf2+ 18. Kxf2 Bc4 19. Ke3 Rd6 20. Nh3 Rc6 21.
f4 Rd8 22. fxe5 Bxd3 23. cxd3 Rxc3 24. exf6 Rdxd3+ 25. Kf4 gxf6 26. Nf2 Rd2 27.
Ng4 Nb3 28. Rad1 Rxg2 29. Nxf6 Nc5 30. Rhg1 Rf2+ 31. Ke5 b6 32. Rg7 Nd3+ 33.
Rxd3 Rxd3 34. Rxa7 Rxh2 35. Nd5 Rh5+ 36. Kf4 Kb8 37. Rg7 Rh4+ 38. Ke5 Rxa3 39.
Nxb6 Ra5+ 40. Nd5 h5 41. Rh7 Rh1 42. Kd4 Ra4+ 43. Ke5 h4 44. Rh8+ Kb7 45. Rh7+
Kb8 46. Rh8+ Kb7 47. Rh7+ Ka6 48. Rh6+ Ka5 49. Rh8 Rc4 50. Ra8+ Kb5 51. Rb8+ Ka6
52. Ne3 Rc5+ 53. Kd6 Rb5 54. Ra8+ Kb7 55. Rh8 h3 56. Nd5 h2 57. Rh7+ Kb8 58. Kc6
Rxd5 0-1

[Event "TechM GCL 2025"]
[Site "Mumbai IND"]
[Date "2025.12.19"]
[Round "7.1"]
[White "Wei, Yi"]
[Black "Erigaisi, Arjun"]
[Result "1-0"]
[WhiteTitle "GM"]
[BlackTitle "GM"]
[WhiteElo "2754"]
[BlackElo "2775"]
[WhiteTeam "Triveni Continental Kings"]
[BlackTeam "PBG Alaskan Knights"]
[WhiteFideId "8603405"]
[BlackFideId "35009192"]
[EventDate "2025.12.14"]
[EventType "team"]

1. e4 e5 2. Nf3 Nc6 3. Bb5 a6 4. Ba4 Bc5 5. c3 Nge7 6. d4 exd4 7. cxd4 Bb4+ 8.
Nc3 d5 9. e5 Bg4 10. a3 Ba5 11. Be3 f6 12. h3 Bxf3 13. Qxf3 O-O 14. exf6 Rxf6
15. Qh5 Qd7 16. O-O Raf8 17. Bg5 Rf5 18. Qg4 Qd6 19. Bc2 Rf4 20. Bxf4 Rxf4 21.
Qg5 h6 22. Qh5 g6 23. Qxh6 Nxd4 24. Rae1 Rf7 25. Bb1 c6 26. f4 Bc7 27. Qh4 Kg7
28. Qg4 Ndf5 29. Kh1 Qf6 30. Rf3 a5 31. Qg5 Qd6 32. g4 Nd4 33. Rfe3 Bd8 34. Qe5+
Qxe5 35. fxe5 Rf2 36. Nd1 Rf4 37. Kg2 Ne6 38. Rf1 Rxf1 39. Kxf1 b5 40. b4 axb4
41. axb4 Nc8 42. Rc3 Nd4 43. Ne3 Nb6 44. Nc2 Nxc2 45. Rxc2 Nc4 46. Re2 Be7 47.
e6 d4 48. Be4 Bxb4 49. Bxc6 d3 50. Ra2 Ne3+ 51. Kf2 d2 52. Rxd2 Nc4 53. Rd7+ Kf6
54. Bxb5 Ne5 55. Rb7 Bc5+ 56. Ke2 Kxe6 57. Bd3 Kf6 58. Rb5 Bd4 59. Rd5 Bc3 60.
Rc5 Bd4 61. Rd5 Bc3 62. Ke3 Nf7 63. Bc4 Be1 64. Rd1 Ne5 65. Rxe1 Nxc4+ 66. Kd4
Nd6 67. Kd5 Nf7 68. Rf1+ Kg7 69. Rxf7+ Kxf7 70. g5 Ke7 71. Ke5 1-0

[Event "TechM GCL 2025"]
[Site "Mumbai IND"]
[Date "2025.12.19"]
[Round "7.1"]
[White "Vidit, Santosh Gujrathi"]
[Black "Dominguez Perez, Leinier"]
[Result "1-0"]
[WhiteTitle "GM"]
[BlackTitle "GM"]
[WhiteElo "2708"]
[BlackElo "2738"]
[WhiteTeam "Triveni Continental Kings"]
[BlackTeam "PBG Alaskan Knights"]
[WhiteFideId "5029465"]
[BlackFideId "3503240"]
[EventDate "2025.12.14"]
[EventType "team"]

1. d4 d5 2. c4 dxc4 3. Nf3 Nf6 4. e3 e6 5. Bxc4 c5 6. O-O Be7 7. Qe2 cxd4 8.
exd4 O-O 9. Nc3 a6 10. Rd1 b5 11. Bb3 Bb7 12. Bf4 b4 13. d5 exd5 14. Nxd5 Bxd5
15. Bxd5 Nxd5 16. Qe4 Nd7 17. Rxd5 Nf6 18. Rxd8 Nxe4 19. Rxa8 Rxa8 20. Re1 f5
21. Nd2 g5 22. Nxe4 gxf4 23. Nd2 Rd8 24. Nc4 Kf7 25. Kf1 Bf6 26. Rc1 Ke6 27. Ke2
h6 28. b3 Bc3 29. Rc2 Kf6 30. Kf3 Rd3+ 31. Kxf4 Bd4 32. Ne3 Bxe3+ 33. fxe3 Rc3
34. Rd2 Ke6 35. e4 fxe4 36. Kxe4 Rc1 37. Kd4 a5 38. Re2+ Kd6 39. Rf2 Kc6 40. Ke4 1-0

[Event "TechM GCL 2025"]
[Site "Mumbai IND"]
[Date "2025.12.19"]
[Round "7.1"]
[White "Zhu, Jiner"]
[Black "Lagno, Kateryna"]
[Result "0-1"]
[WhiteTitle "GM"]
[BlackTitle "GM"]
[WhiteElo "2579"]
[BlackElo "2508"]
[WhiteTeam "Triveni Continental Kings"]
[BlackTeam "PBG Alaskan Knights"]
[WhiteFideId "8608059"]
[BlackFideId "14109336"]
[EventDate "2025.12.14"]
[EventType "team"]

1. d4 d5 2. Nf3 Nf6 3. Bf4 c5 4. e3 Nc6 5. Nbd2 Bg4 6. c3 Nh5 7. Bg5 h6 8. Bh4
cxd4 9. exd4 g5 10. Bg3 Nxg3 11. hxg3 Bg7 12. Bd3 Qc7 13. Qa4 O-O-O 14. O-O-O
Kb8 15. Kb1 Bd7 16. Qc2 f6 17. Nb3 e5 18. dxe5 fxe5 19. Bb5 Rhf8 20. Qe2 Bg4 21.
Bxc6 Qxc6 22. Qe3 Qg6+ 23. Ka1 e4 24. Nfd4 Bxd1 25. Rxd1 Qb6 26. g4 Be5 27. Qe2
Qf6 28. Nf5 h5 29. f3 hxg4 30. fxg4 Rfe8 31. a3 Qb6 32. Nd2 d4 33. Nc4 Qc5 34.
Nxe5 Qxe5 35. cxd4 Qf4 36. Rf1 Qc7 37. Qe3 Qc4 38. Rc1 Qd3 39. Qxd3 exd3 40. Rd1
Re2 41. Rxd3 Rxg2 42. Nh6 Rd5 43. Kb1 Rb5 44. b3 Rd5 45. Kc1 a5 46. a4 Rd6 47.
Nf5 Rc6+ 48. Kb1 Rxg4 49. d5 Rc7 50. d6 Rd7 51. Ne3 Rf4 52. Nc4 Rf6 53. Rg3 Rg6
54. Ne5 Rdxd6 55. Nxg6 Rxg6 56. Rg4 Kc7 57. Kc2 Kd6 58. Kd3 Ke5 59. Ke3 Kf5 60.
Rd4 b6 61. Rd5+ Kg4 62. Kf2 Rc6 63. Rd4+ Kh3 64. Rd3+ Kh4 65. b4 axb4 66. Rd4+
Kh3 67. Rxb4 g4 68. Rb3+ Kh2 69. Rb4 g3+ 70. Kf3 Rf6+ 71. Ke2 g2 72. Rh4+ Kg3 0-1

[Event "TechM GCL 2025"]
[Site "Mumbai IND"]
[Date "2025.12.19"]
[Round "7.1"]
[White "Kosteniuk, Alexandra"]
[Black "Khademalsharieh, Sarasadat"]
[Result "1-0"]
[WhiteTitle "GM"]
[BlackTitle "IM"]
[WhiteElo "2483"]
[BlackElo "2414"]
[WhiteTeam "Triveni Continental Kings"]
[BlackTeam "PBG Alaskan Knights"]
[WhiteFideId "4128125"]
[BlackFideId "12512214"]
[EventDate "2025.12.14"]
[EventType "team"]

1. e4 e5 2. Nf3 Nc6 3. Bc4 Bc5 4. d3 Nf6 5. a3 a6 6. h3 h6 7. b4 Ba7 8. Be3 d6
9. Ba2 Be6 10. c4 O-O 11. O-O Ne7 12. Nc3 Ng6 13. d4 exd4 14. Nxd4 Bd7 15. Qd3
Re8 16. Rae1 a5 17. Bb1 axb4 18. axb4 Ne5 19. Qe2 c5 20. bxc5 Bxc5 21. f4 Ng6
22. Ndb5 Qb6 23. Qf2 Rec8 24. e5 Bxe3 25. Rxe3 Bxb5 26. Nxb5 dxe5 27. fxe5 Nxe5
28. Rxe5 Qxf2+ 29. Rxf2 Rxc4 30. Rf1 Rd8 31. Re7 b6 32. Rc7 Rxc7 33. Nxc7 Rd7
34. Rc1 g6 35. Ba2 Kg7 36. Nb5 Rd2 37. Bb3 Nd5 38. Bxd5 Rxd5 39. Rb1 h5 40. Nc3
Rd3 41. Ne2 Rd6 42. Nc3 Rd3 43. Ne4 Rd4 44. Ng5 Rd5 45. Nf3 b5 46. Kf2 f5 47. h4
Kf6 48. Rb4 Rc5 49. Rb2 Rd5 50. Ke3 Rc5 51. Rb3 Rc2 52. g3 Rc5 53. Nd4 Re5+ 54.
Kf3 Rd5 55. Nxb5 g5 56. Nc7 Rc5 57. Rb6+ Kf7 58. Nb5 gxh4 59. gxh4 Kg7 60. Nd4
Rd5 61. Ne6+ Kf7 62. Nf4 Rd4 63. Rh6 Ra4 64. Rxh5 Kf6 65. Rh6+ Kf7 66. Rc6 Kg7
67. Rd6 1-0

[Event "TechM GCL 2025"]
[Site "Mumbai IND"]
[Date "2025.12.19"]
[Round "7.1"]
[White "Maurizzi, MarcAndria"]
[Black "Dardha, Daniel"]
[Result "1/2-1/2"]
[WhiteTitle "GM"]
[BlackTitle "GM"]
[WhiteElo "2611"]
[BlackElo "2603"]
[WhiteTeam "Triveni Continental Kings"]
[BlackTeam "PBG Alaskan Knights"]
[WhiteFideId "36083534"]
[BlackFideId "240990"]
[EventDate "2025.12.14"]
[EventType "team"]

1. e4 d6 2. d4 Nf6 3. Nc3 e5 4. Nf3 Nbd7 5. Bc4 Be7 6. O-O O-O 7. Re1 c6 8. a4
h6 9. h3 Re8 10. Be3 exd4 11. Qxd4 Nf8 12. Rad1 Be6 13. Bf4 Qa5 14. b4 Qc7 15.
a5 N6d7 16. Bxe6 Nxe6 17. Bxd6 Nxd4 18. Bxc7 Bxb4 19. Rxd4 Bxc3 20. Rxd7 Bxe1
21. Nxe1 Rxe4 22. Nf3 Rc4 23. Bg3 Rxc2 24. Rxb7 Rc5 25. Bc7 Rd5 26. Ne5 Rc8 27.
Rxa7 Rxc7 28. Rxc7 Rxe5 29. a6 Ra5 30. Rxc6 h5 31. h4 Kh7 32. g3 f6 33. Kf1 Ra2
34. Ke1 Kg6 35. Rb6 Kf5 36. Kf1 Kg6 37. Rc6 Kf5 38. Rc7 Rxa6 39. Rxg7 Ra2 40.
Kg2 Rb2 41. Rc7 Kg6 42. Rc4 Rb5 43. Rf4 Rb2 44. Kf3 Rb3+ 45. Ke4 Rb4+ 46. Ke3
Rb3+ 47. Kd2 Rb2+ 48. Kc3 Ra2 49. Kb3 Rd2 50. Kc4 Ra2 51. Kd3 Ra3+ 52. Ke4 Ra2
53. Kf3 Rb2 54. Rc4 Ra2 55. Ke3 Kf5 56. Rc3 Rb2 57. f3 Rg2 58. Rc5+ Kg6 59. Kf4
Ra2 60. Rc4 Rh2 61. Rb4 Rh1 62. Rb2 Rf1 63. Rg2 Kf7 64. g4 hxg4 65. Kxg4 Ra1 66.
f4 Ra8 67. h5 Rg8+ 68. Kf3 Rh8 69. Rh2 f5 70. Ke3 Re8+ 71. Kf3 Rh8 72. Rh1 Rh6
73. Kg3 Rh8 74. Rh3 Rg8+ 75. Kf2 Ra8 76. Kg3 Rg8+ 77. Kf3 Ra8 78. Kg2 Kg7 79.
Rg3+ Kh6 80. Rg5 Ra3 81. Rxf5 Rb3 82. Rg5 Ra3 83. Re5 Rb3 84. Kf2 Ra3 85. Rg5
Rb3 86. Rg3 Rxg3 87. Kxg3 Kxh5 88. Kf3 Kg6 89. Ke4 Kf6 90. Kd5 1/2-1/2

[Event "TechM GCL 2025"]
[Site "Mumbai IND"]
[Date "2025.12.20"]
[Round "7.2"]
[White "Artemiev, Vladislav"]
[Black "So, Wesley"]
[Result "1-0"]
[WhiteTitle "GM"]
[BlackTitle "GM"]
[WhiteElo "2641"]
[BlackElo "2753"]
[WhiteTeam "Fyers American Gambits"]
[BlackTeam "Upgrad Mumba Masters"]
[WhiteFideId "24101605"]
[BlackFideId "5202213"]
[EventDate "2025.12.14"]

1. e4 e5 2. Nf3 Nc6 3. Bb5 Nf6 4. O-O Nxe4 5. d4 Nd6 6. Bxc6 dxc6 7. dxe5 Nf5 8.
Qxd8+ Kxd8 9. h3 Bd7 10. Rd1 Be7 11. g4 Nh4 12. Nxh4 Bxh4 13. Nd2 Kc8 14. Nf3
Be7 15. Bg5 Bc5 16. Rd3 Be6 17. Be3 Bxe3 18. Rxe3 Kd7 19. Rd1+ Ke7 20. Nd4 Rad8
21. Red3 g6 22. Nxe6 Rxd3 23. Rxd3 Kxe6 24. Kg2 h5 25. g5 Re8 26. Kg3 c5 27. c4
Re7 28. Kf4 Rd7 29. Rxd7 Kxd7 30. Ke4 Ke6 31. f3 Kd7 32. Kd5 b6 33. f4 c6+ 34.
Ke4 b5 35. f5 h4 36. e6+ fxe6 37. fxg6 Ke7 38. Kf4 1-0

[Event "TechM GCL 2025"]
[Site "Mumbai IND"]
[Date "2025.12.20"]
[Round "7.2"]
[White "Rapport, Richard"]
[Black "Mamedyarov, Shakhriyar"]
[Result "1-0"]
[WhiteTitle "GM"]
[BlackTitle "GM"]
[WhiteElo "2741"]
[BlackElo "2730"]
[WhiteTeam "Fyers American Gambits"]
[BlackTeam "Upgrad Mumba Masters"]
[WhiteFideId "738590"]
[BlackFideId "13401319"]
[EventDate "2025.12.14"]

1. e4 e5 2. Nf3 Nc6 3. Bc4 Bc5 4. d3 Nf6 5. Bg5 O-O 6. O-O Be7 7. Nc3 d6 8. a4
Be6 9. Re1 Bxc4 10. dxc4 Nd7 11. Be3 a5 12. Nd5 Re8 13. Ra3 Bf8 14. h4 h6 15. h5
Ncb8 16. Rb3 Na6 17. Rxb7 Qc8 18. Rb5 Nac5 19. Bxc5 Nxc5 20. Qd2 Nb7 21. c5 c6
22. Nb6 Qd8 23. Nxa8 cxb5 24. c6 Qxa8 25. axb5 Nc5 26. Nh4 a4 27. Nf5 a3 28.
bxa3 Qxa3 29. c4 Ne6 30. Rb1 Rb8 31. Qb4 Qxb4 32. Rxb4 g6 33. hxg6 fxg6 34. Ne3
d5 35. exd5 Bxb4 36. dxe6 Bd6 37. Nd5 Rc8 38. Nb6 Rd8 39. e7 Re8 40. Nd5 Kf7 1-0

[Event "TechM GCL 2025"]
[Site "Mumbai IND"]
[Date "2025.12.20"]
[Round "7.2"]
[White "Assaubayeva, Bibisara"]
[Black "Koneru, Humpy"]
[Result "1-0"]
[WhiteTitle "GM"]
[BlackTitle "GM"]
[WhiteElo "2497"]
[BlackElo "2535"]
[WhiteTeam "Fyers American Gambits"]
[BlackTeam "Upgrad Mumba Masters"]
[WhiteFideId "13708694"]
[BlackFideId "5008123"]
[EventDate "2025.12.14"]

1. c4 e6 2. g3 Nf6 3. Bg2 d5 4. Nf3 Be7 5. O-O O-O 6. d3 c5 7. Ne5 Qd6 8. f4
Nbd7 9. Nxd7 Bxd7 10. e4 dxe4 11. dxe4 Qxd1 12. Rxd1 Bc6 13. e5 Ne4 14. Re1 Rad8
15. Na3 Rd4 16. Be3 Rd7 17. Rad1 Rfd8 18. Rxd7 Rxd7 19. Bc1 f5 20. exf6 Bxf6 21.
Bxe4 Bxe4 22. Rxe4 Rd1+ 23. Kg2 Rxc1 24. Rxe6 Kf7 25. Re2 a6 26. b3 Ra1 27. Kf3
h5 28. Ke4 Ke6 29. Nc2 Rh1 30. Ne3 Bd4 31. Nd5 g6 32. Kf3+ Kd6 33. Kg2 Ra1 34.
h3 b5 35. g4 hxg4 36. hxg4 bxc4 37. bxc4 Rc1 38. f5 gxf5 39. gxf5 Rxc4 40. Nb6
Rb4 41. Re6+ Kc7 42. Nd5+ 1-0

[Event "TechM GCL 2025"]
[Site "Mumbai IND"]
[Date "2025.12.20"]
[Round "7.2"]
[White "Injac, Teodora"]
[Black "Dronavalli, Harika"]
[Result "1-0"]
[WhiteTitle "IM"]
[BlackTitle "GM"]
[WhiteElo "2421"]
[BlackElo "2466"]
[WhiteTeam "Fyers American Gambits"]
[BlackTeam "Upgrad Mumba Masters"]
[WhiteFideId "932400"]
[BlackFideId "5015197"]
[EventDate "2025.12.14"]

1. Nf3 d5 2. g3 g6 3. Bg2 Bg7 4. O-O c6 5. d3 Nf6 6. Nbd2 O-O 7. e4 dxe4 8. dxe4
Qc7 9. Qe2 Nfd7 10. a4 b6 11. Rd1 a5 12. Nc4 Ba6 13. Bf4 e5 14. Be3 Nf6 15. Nfd2
Nbd7 16. f3 Rfe8 17. Qf2 Rab8 18. Bf1 Bxc4 19. Nxc4 Bf8 20. Rd2 Bc5 21. Rad1
Red8 22. Nd6 Bxe3 23. Qxe3 Nc5 24. Bc4 Rf8 25. Qg5 Nh5 26. Qxe5 b5 27. Ba2 Qa7
28. Kg2 b4 29. Nxf7 b3 30. Nh6# 1-0

[Event "TechM GCL 2025"]
[Site "Mumbai IND"]
[Date "2025.12.20"]
[Round "7.2"]
[White "Murzin, Volodar"]
[Black "Daneshvar, Bardiya"]
[Result "1/2-1/2"]
[WhiteTitle "GM"]
[BlackTitle "GM"]
[WhiteElo "2648"]
[BlackElo "2600"]
[WhiteTeam "Fyers American Gambits"]
[BlackTeam "Upgrad Mumba Masters"]
[WhiteFideId "44155573"]
[BlackFideId "12576468"]
[EventDate "2025.12.14"]

1. e4 c6 2. d4 d5 3. exd5 cxd5 4. Bd3 Nf6 5. c3 Bg4 6. Qb3 Qc7 7. h3 Bd7 8. Nf3
e6 9. O-O Bd6 10. Re1 Bc6 11. Qd1 Nbd7 12. Qe2 O-O 13. Nbd2 Nh5 14. Nf1 Nf4 15.
Bxf4 Bxf4 16. g3 Bd6 17. N1h2 Rae8 18. Ng4 Re7 19. Nge5 Bxe5 20. dxe5 f6 21. Qe3
Qb6 22. Qxb6 axb6 23. exf6 gxf6 24. Nd4 Nc5 25. Bc2 e5 26. Nf5 Rd7 27. Rad1 Rfd8
28. Rd2 Ne4 29. Bxe4 dxe4 30. Ne7+ Kf7 31. Nxc6 bxc6 32. Rxd7+ Rxd7 33. Rxe4 Rd2
34. Rc4 c5 35. b4 cxb4 36. cxb4 Rxa2 37. Rc6 b5 38. Rb6 Rb2 39. Rxb5 Kg6 40. Rb8
Kf5 41. b5 e4 42. Kf1 e3 43. f3 Rf2+ 44. Ke1 Rxf3 45. Rg8 Rf2 46. Re8 Rb2 47.
Rxe3 Rxb5 1/2-1/2

[Event "TechM GCL 2025"]
[Site "Mumbai IND"]
[Date "2025.12.14"]
[Round "7.3"]
[White "Anand, Viswanathan"]
[Black "Caruana, Fabiano"]
[Result "1/2-1/2"]
[WhiteTitle "GM"]
[BlackTitle "GM"]
[WhiteElo "2743"]
[BlackElo "2795"]
[WhiteTeam "Ganges Grandmasters"]
[BlackTeam "Alpine SG Pipers"]
[WhiteFideId "5000017"]
[BlackFideId "2020009"]
[EventDate "2025.12.14"]

1. e4 e5 2. Nf3 Nc6 3. Bb5 f5 4. Nc3 fxe4 5. Nxe4 d5 6. Nxe5 dxe4 7. Nxc6 Qg5 8.
Qe2 Nf6 9. f4 Qxf4 10. Ne5+ c6 11. d4 Qh4+ 12. g3 Qh3 13. Bc4 Be6 14. Bg5 O-O-O
15. O-O-O Bd6 16. Bxf6 gxf6 17. Nf7 Bxf7 18. Bxf7 Rhf8 19. Bb3 Qh6+ 20. Kb1 f5
21. g4 f4 22. Qxe4 Rde8 23. Qf3 Re3 24. Qf2 f3 25. Bc4 Re4 26. h3 Qe3 27. Qxe3
Rxe3 28. g5 f2 29. h4 Rg3 30. Rdf1 b5 31. Bd3 Rf7 32. a3 Kc7 33. Ka2 Kb6 34. Be2
a6 35. c3 Re3 36. Bh5 Rf8 37. Bd1 Bg3 38. Bc2 Rf7 39. h5 1/2-1/2

[Event "TechM GCL 2025"]
[Site "Mumbai IND"]
[Date "2025.12.20"]
[Round "7.3"]
[White "Keymer, Vincent"]
[Black "Giri, Anish"]
[Result "1-0"]
[WhiteTitle "GM"]
[BlackTitle "GM"]
[WhiteElo "2776"]
[BlackElo "2760"]
[WhiteTeam "Ganges Grandmasters"]
[BlackTeam "Alpine SG Pipers"]
[WhiteFideId "12940690"]
[BlackFideId "24116068"]
[EventDate "2025.12.14"]

1. c4 Nf6 2. Nc3 g6 3. Nf3 Bg7 4. e4 d6 5. d4 O-O 6. Be2 e5 7. O-O h6 8. Re1
Nbd7 9. Qc2 Re8 10. dxe5 dxe5 11. Be3 c6 12. b4 Ng4 13. Bd2 a5 14. a3 axb4 15.
axb4 Rxa1 16. Rxa1 Nf8 17. h3 Nf6 18. Be3 Ne6 19. Rd1 Qe7 20. c5 Nh7 21. Bc4
Nhg5 22. Nxg5 hxg5 23. Rd6 Bf6 24. b5 Nd4 25. Qd2 Bxh3 26. bxc6 bxc6 27. Ne2 Be6
28. Bxe6 Nxe6 29. Rxc6 Qb7 30. Rb6 Qxe4 31. Nc3 Qc4 32. Nd5 Bd8 33. Rb4 Qa6 34.
Qb2 Nf4 35. Bxf4 exf4 36. Rb8 Kh7 37. Kh2 Qe6 38. Qd4 f3 39. Rxd8 Rxd8 1-0